LEADER 00636naa a2200157 i 4500 001 000000317819 003 CaOOAMICUS 005 20180831173235.0 008 180831n it u000 u ita u 013 $a27056 040 $aSeMil$bita 100 1 $aRiva, Anna.$0(OLS)http://semarc/name/42391 245 13$aIl significato psicologico. 650 4$aMatrimonio - Psicologia.$0(OLS)http://semarc/subject/21560 773 0 $aIoannes Paulus II $tCatechesi sul matrimonio.$dRoma : Logos, Copyr. 1980.$kBUC : Biblioteca universale cristiana$gp.61-66$w()161086 996 $6245$aIl significato psicologico$9(OLS)http://semarc/title/391737 LEADER 01447nam a2200301 i 4500 001 000000259210 003 CaOOAMICUS 005 20180718000000.0 008 180718s2015 it u000 u ita u 013 $a238118 020 $a978-88-350-4329-4 040 $aSeMil$bita 100 1 $aMartinazzoli, Mino <1931-2011>.$0(OLS)http://semarc/name/15769 245 13$aLa legge e la coscienza :$bMosè, Nicodemo e la Colonna infame /$cMino Martinazzoli ; prefazione di Tino Bino ; postfazione di Pietro Gibellini. 260 $aBrescia :$bLa Scuola,$c2015. 300 $a126 p. ;$c19 cm. 490 0 $aOrso blu ;$v62 500 $aContiene : Mosè: la libertà e la legge, Elogio di Nicodèmo, Per una requisitoria manzoniana. 650 4$aLeggi - Applicazione - Confronto [con la] Libertà di coscienza.$0(OLS)http://semarc/subject/47247 700 1 $aGibellini, Pietro,$d<1945- >.$0(OLS)http://semarc/name/10454 700 1 $aBino, Tino.$0(OLS)http://semarc/name/77212 830 0$aOrso blu ;$v62.$0(OLS)http://semarc/title/40137 850 $aSeMil 852 $aSeMil$W1$xVenegono$y1$m3N VI 494$j211542$B224994$CSeMilBibl$Z2$F224994 $81 961 $aGiacomoni Silvia - Omaggio 996 $6020$a978-88-350-4329-4$9(OLS)http://semarc/number/284840 996 $6245$aLa legge e la coscienza :$bMosè, Nicodemo e la Colonna infame$9(OLS)http://semarc/title/414017 996 $6260$aBrescia :$bLa Scuola$9(OLS)http://semarc/publisher/29831 LEADER 00912nam a2200241 i 4500 001 000000048444 003 CaOOAMICUS 005 20040917000000.0 008 040917s1984 it u000 u ita u 013 $a19614 040 $aSeMil$bita 245 12$aI giovani e la violenza. 250 $a4. Ed., fuori commercio. 260 $aMilano :$bFederico Motta,$cstampa 1984. 300 $a220 p. :$briccamente ill. ;$c25 cm. 500 $aIn testa al front. : Premio giornalistico, i giovani degli anni Ottanta. 650 4$aViolenza.$0(OLS)http://semarc/subject/9090 650 4$aGiovani.$0(OLS)http://semarc/subject/6300 850 $aSeMil 852 $aSeMil$W1$xVenegono$y1$m3N III 47$j14599$B14599$CSeMilBibl$Z2$F14599 $81 961 $aOmaggio: Deposito 996 $6245$aI giovani e la violenza$9(OLS)http://semarc/title/73324 996 $6260$aMilano :$bFederico Motta$9(OLS)http://semarc/publisher/32411 LEADER 01400nam a2200265 i 4500 001 000000064607 003 CaOOAMICUS 005 20131011000000.0 008 131011s1968 xx u000 u ger u 013 $a35779 040 $aSeMil$bita 245 14$aDie Bedeutung der Auferstehungsbotschaft für den Glauben an Jesus Christus /$cWilli Marxsen, Ulrich Wilckens, Gerhard Delling, Hans Georg Geyer. 250 $a7. Aufl. 260 $aGütersloh :$bGütersloher Verlagshaus Gerd Mohn,$c1968. 490 0 $aSchriftenreihe des Theologischen Ausschusses der Evangelischen Kirche der Union 650 4$aGesù Cristo - Risurrezione.$0(OLS)http://semarc/subject/5599 700 1 $aMarxsen, Willi <1919->.$0(OLS)http://semarc/name/21568 700 1 $aGeyer, Hans Georg.$0(OLS)http://semarc/name/19130 700 1 $aDelling, Gerhard.$0(OLS)http://semarc/name/17918 700 1 $aWilckens, Ulrich,$d<1928- >.$0(OLS)http://semarc/name/90208 830 0$aSchriftenreihe des Theologischen Ausschusses der Evangelischen Kirche der Union.$0(OLS)http://semarc/title/39182 850 $aSeMil 852 $aSeMil$W1$xVenegono$y1$m2M IV 345$j30760$B30760$CSeMilBibl$Z2$F30763 $81 996 $6245$aDie Bedeutung der Auferstehungsbotschaft für den Glauben an Jesus Christus$9(OLS)http://semarc/title/102339 996 $6260$aGütersloh :$bGütersloher Verlagshaus Gerd Mohn$9(OLS)http://semarc/publisher/30042 LEADER 01981nam a2200277 i 4500 001 000000007517 003 CaOOAMICUS 005 20260512120346.0 008 180830s19792022gw u000 u ger u 040 $aSeMil$bita 100 1 $aGrillmeier, Alois,$c.$0(OLS)http://semarc/name/89101 245 10$aJesus der Christus im Glauben der Kirche /$cAlois Grillmeier. 264 1$aFreiburg ; Basel ; Wien :$bHerder,$c1979-2022. 300 $a2 v. (in 6 tomi) ;$c24 cm. 650 4$aCristianesimo - Diffusione - Sec. 1.-5.$0(OLS)http://semarc/subject/53253 650 4$aConcilio di Calcedonia <451>.$0(OLS)http://semarc/subject/56 650 4$aGesù Cristo - Storia delle dottrine.$0(OLS)http://semarc/subject/1234 774 0 $aGrillmeier, Alois $t1: Von der Apostolischen Zeit bis zum Konzil von Chalcedon (451).$dFreiburg ; Basel ; Wien : Herder, 1979.$z3-451-18547-4$w()35107 774 0 $aGrillmeier, Alois $t2.1: Das Konzil von Chalcedon (451), Rezeption und Widerspruch (451-518).$dFreiburg ; Basel ; Wien : Herder, 1986.$z3-451-18548-2$w()35316 774 0 $aGrillmeier, Alois $t2.2: Die Kirche von Konstantinopel im 6. Jahrhundert.$dFreiburg ; Basel ; Wien : Herder, 1989.$z3-451-18549-0$w()35106 774 0 $aGrillmeier, Alois $t2.3: Die Kirchen von Jerusalem und Antiochien nach 451 bis 600.$dFreiburg ; Basel ; Wien : Herder, 2002.$z3-451-22026-1$w()100500 774 0 $aGrillmeier, Alois $t2.4: Die Kirche von Alexandrien mit Nubien und Äthiopien nach 451.$dFreiburg ; Basel ; Wien : Herder, 1990.$z3-451-22027-X$w()36289 774 0 $aAbramowski, Luise <1928-2014>$t2.5: Die Kirche in Persien.$dFreiburg ; Basel ; Wien : Herder, 2022.$z978-3-451-39025-8$w()352579 996 $6245$aJesus der Christus im Glauben der Kirche$9(OLS)http://semarc/title/10069 996 $6264$aFreiburg ; Basel ; Wien :$bHerder$9(OLS)http://semarc/publisher/29643